Famous Poles by Picture - Statistics

General Stats
  • This quiz has been taken 23 times
  • The average score is 9 of 20
Answer Stats
Picture Answer % Correct
Maria Skłodowska-Curie
100%
Jan Paweł II
91%
Robert Lewandowski
86%
Mikołaj Kopernik
77%
Iga Świątek
64%
Lech Wałęsa
64%
Robert Kubica
55%
Roman Polański
55%
Fryderyk Chopin
50%
Kamil Stoch
41%
Adam Małysz
36%
Marcin Gortat
36%
Agnieszka Radwańska
27%
Andrzej Gołota
23%
Tadeusz Kościuszko
23%
Andrzej Wajda
18%
Anita Włodarczyk
18%
Czesław Miłosz
14%
Joanna Krupa
14%
Henryk Sienkiewicz
9%
No matching quizzes found
Score Distribution
Percent of People with Each Score
Percentile by Number Answered
Your Score History
You have not taken this quiz